Ellie Kemper Filmography - Statistics

General Stats
  • This quiz has been taken 18 times
    2 since last reset
  • The average score is 25 of 90
Answer Stats
Type Year Name % Correct
Film 2011 Bridesmaids
100%
Film 2013 Identity Thief
100%
TV Show 2009-2013 The Office
100%
Web Series 2015-2019 Unbreakable Kimmy Schmidt
100%
Film 2012 21 Jump Street
50%
Web Series 2016 All Hail King Julien
50%
TV Show 2014 American Dad!
50%
TV Show 2016 Animals
50%
TV Film 2013 Brenda Forever
50%
Film 2009 Cayman Went
50%
TV Show 2014 Comedy Bang! Bang!
50%
TV Show 2015 Drunk History
50%
Film 2010 Get Him to the Greek
50%
Film 2023 Happiness for Beginners
50%
TV Show 2013, 2014 Hollywood Game Night
50%
Film 2021 Home Sweet Home Alone
50%
TV Show 2009, 2010 Important Things with Demetri Martin
50%
Web Series 2017 Julie's Greenroom
50%
Film 2014 Laggies
50%
TV Show 2007-2008 Mister Glasses
50%
Film 2009 Mystery Team
50%
TV Show 1999 Neutrino
50%
TV Show 2012 NTSF:SD:SUV::
50%
TV Film 2007 Redeeming Rainbow
50%
Short Film 2012 Rich Girl Problems
50%
TV Show 2012 Robot Chicken
50%
TV Show 2018 Saturday Night Live
50%
Film 2014 Sex Tape
50%
TV Show 2006 Sexual Intercourse: American Style
50%
Film 2017 Smurfs: The Lost Village
50%
TV Show 2013-2018 Sofia the First
50%
Film 2010 Somewhere
50%
TV Show 2014 The Ellen DeGeneres Show
50%
Film 2017 The Lego Batman Movie
50%
TV Show 2012, 2013 The Mindy Project
50%
Short Film 2014 The Nobodies
50%
TV Show 2010 The Office: The 3rd Floor
50%
Film 2016 The Secret Life of Pets
50%
Film 2019 The Secret Life of Pets 2
50%
Film 2020 The Stand In
50%
Web Series 2018 The Who Was? Show
50%
Film 2014 They Came Together
50%
TV Show 2014 TripTank
50%
TV Show 2015, 2017, 2018 We Bare Bears
50%
Film 2020 We Bare Bears: The Movie
50%
Web Series 2019 Above Average Presents
0%
Web Series 2016 Alec Baldwin's Love Ride
0%
TV Show 2019 America's Got Talent
0%
TV Show 2019 At Home with Amy Sedaris
0%
Web Series 2018 Back-to-Back Chef
0%
TV Show 2023 Beat Bobby Flay
0%
Short Film 2007 Blind Date
0%
Short Film 2007 Blowjob Girl
0%
TV Show 2025 Celebrity Wheel of Fortune
0%
Web Series 2022 Central Park
0%
Commercial 2016 Chase
0%
Short Film 2009 Craigslist Missed Connection
0%
TV Short 2007 Critical Hit!
0%
TV Show TBA Drop-Off
0%
Web Special 2016 Ellie Kemper: Unbreakable Comedy Gala
0%
TV Show 2022-2023 Eureka!
0%
Web Series 2011 Greg & Lou: The Series
0%
Short Film 2011 Home for Actresses
0%
TV Show 2023, 2024 Jeopardy!
0%
TV Show 2012 Just for Laughs: All-Access
0%
TV Special 2019 Live in Front of a Studio Audience
0%
TV Mini-Series 2015 Long Live the Royals
0%
TV Show 2016-2019 Match Game
0%
TV Special 2017 Night of Too Many Stars
0%
Theater 2023 Peter Pan Goes Wrong
0%
Web Series 2025 Pop Culture Jeopardy!
0%
Web Series 2009 Raaaaaaaandy!
0%
TV Special 2016 Red Nose Day
0%
TV Short 2007 Sell Outs
0%
Web Series 2020 Some Good News
0%
Commercial 2018 Sonic
0%
TV Show 2015, 2017 The Chris Gethard Show
0%
TV Mini-Series 2015 The Flaming C
0%
Web Series 2022-2023 The Great American Baking Show
0%
TV Show 2009 The Office: Subtle Sexuality
0%
TV Show 2011 The Office: The Girl Next Door
0%
TV Show 2010 The Office: The Mentor
0%
TV Show 2011 The Office: The Podcast
0%
TV Show 2020 The Simpsons
0%
Commercial 2018 TJX
0%
Web Series 2008-2016 UCB Comedy Originals
0%
TV Show 2009 UCB TourCo
0%
TV Film 2020 Unbreakable Kimmy Schmidt: Kimmy vs the Reverend
0%
TV Short 2007 We Are Internet Millionaires
0%
Web Series 2019 You're Not a Monster
0%
No matching quizzes found
Score Distribution
Percent of People with Each Score
Percentile by Number Answered
Your Score History
You have not taken this quiz since the last reset